000 00476pab a2200169 454500
008 180718b2007 xxu||||| |||| 00| 0 eng d
100 _aTaft, Susan H.
245 _aEthics education: using inductive reasoning to develop individual, group, organizational, and global perspectives
260 _c2007
300 _ap.614-46.
362 _aOct
650 _aEthics
700 _aWhite, Judith
773 _aJournal of Management Education
908 _aN
909 _a76051
999 _c76051
_d76051